000170902 001__ 170902 000170902 005__ 20260429150232.0 000170902 037__ $$aTAZ-TFG-2025-299 000170902 041__ $$aspa 000170902 1001_ $$aPlaza Sahún, Adrián 000170902 24200 $$aChina´s historical evolution as a power: more than three centuries of development 000170902 24500 $$aEvolución histórica de China como potencia: más de tres siglos de desarrollo 000170902 260__ $$aZaragoza$$bUniversidad de Zaragoza$$c2025 000170902 506__ $$aby-nc-sa$$bCreative Commons$$c3.0$$uhttp://creativecommons.org/licenses/by-nc-sa/3.0/ 000170902 520__ $$aEn este trabajo se van a abordar los aspectos clave que han permitido a China convertirse en una de las principales potencias mundiales, desde la Dinastía Qing (1644-1912) hasta la actualidad, pasando de una estructura agraria y centralizada hacia un sistema de mercado con control del Estado, crecimiento industrial y tecnológico y apertura comercial con el exterior. Así, realizando un análisis cronológico y temático, en este trabajo se trata de plasmar una visión íntegra de aquellos cambios económicos y legales (principalmente) que han ido acompañando y adaptándose a las diferentes situaciones de la historia China. Por ello, se estudiarán los principales hitos históricos, así como las políticas y reformas económicas, legislativas, …cuya implementación han permitido convertir a China en una de las principales potencias en el ámbito internacional.<br /> 000170902 521__ $$aGraduado en Derecho 000170902 540__ $$aDerechos regulados por licencia Creative Commons 000170902 691__ $$a0 000170902 692__ $$a 000170902 700__ $$aUsoz Otal, Javier$$edir. 000170902 7102_ $$aUniversidad de Zaragoza$$bEconomía aplicada$$cEconomía Aplicada 000170902 8560_ $$f798185@unizar.es 000170902 8564_ $$s759018$$uhttps://zaguan.unizar.es/record/170902/files/TAZ-TFG-2025-299.pdf$$yMemoria (spa) 000170902 909CO $$ooai:zaguan.unizar.es:170902$$pdriver$$ptrabajos-fin-grado 000170902 950__ $$a 000170902 951__ $$adeposita:2026-04-29 000170902 980__ $$aTAZ$$bTFG$$cDER 000170902 999__ $$a20250213122928.CREATION_DATE